000 01127nam a22003855b 4500
001 004157
003 DO-SdBNP
005 20180220151840.0
007 004157
008 941006s1992 sp | |||| ||spa
016 7 _a
_2BPMSU
017 _a
_b
020 _a8434829479
035 _a
040 _aBPMUS
_bspa
_cBPMSU
_e
041 1 _aspa
_h
080 0 _a
082 _a869.93
_bM379m 1992
100 1 _aMartín, Paco
_d1940-
240 1 0 _aLembranza nova de vellos mesteres
_lEspañol
245 1 0 _aMemoria nueva de antiguos oficios
_cPaco Martín ; traducción, Ángela Franco ; ilustraciones, Xoán Balboa
_h
250 _a2ª ed.
260 _aMadrid :
_bEdiciones SM,
_c1992
300 _a123 p.;
_c20 cm
490 1 _aEl barco de vapor ,
_v183.
_aSerie roja
_v55
500 _aA partir de 12 años
650 _aCUENTOS JUVENILES GALLEGOS
700 1 _aFranco, Ángela
700 1 _aBalboa, Xoán
_d1938-
830 3 _v
830 3 _aEl barco de vapor. ;
_pSerie roja,
_v55
942 _2ddc
_cBK
945 _aInventariado, 2018 / BT
956 _aVMATEO
_b10
_c20161020
_dBPMSU
_f0069
999 _c11623
_d11623